ბათუმის შოთა რუსთაველის სახელმწიფო უნივერსიტეტის ბიბლიოთეკა

ფოტოჟურნალისტიკის საწყისები : (ბიბ.ჩანაწერი № 51412)

000 -ლიდერი
ფიქსირებული სიგრძის საკონტროლო ველი 01040nam a2200253Ia 4500
001 - საკონტროლო ნომერი
საკონტროლო ველი 18397
003 - საკონტროლო ნომრის იდენტიფიკატორი
საკონტროლო ველი GE_BSU
005 - ბოლო ოპერაციის თარიღი და დრო
საკონტროლო ველი 20230927153336.0
008 - ფიქსირებული სიგრძის მონაცემთა ელემენტები - ზოგადი ინფორმაცია
ფიქსირებული სიგრძის საკონტროლო ველი 181216s2011||||ge |||||||||||||| ||geo||
020 ## - წიგნის საერთაშორისო სტანდარტული ნომერი
International Standard Book Number 9789941172281
040 ## - კატალოგიზაციის წყარო
Transcribing agency GE_BSU
041 ## - ენის კოდი
Language code of text/sound track or separate title geo
080 ## - უნივერსალური ათობითი კლასიფიკაციის ინდექსი
Universal Decimal Classification number 070(042.4):77 ც-74
100 ## - მთავარი ჩანაწერი - პიროვნების სახელი
Personal name ცისკარიშვილი, ოლიკო
9 (RLIN) 19934
245 ## - ცნობა სათაურის შესახებ
Title ფოტოჟურნალისტიკის საწყისები :
Remainder of title ლექციების კურსი /
Statement of responsibility, etc ოლიკო ცისკარიშვილი; მთავ. რედ. დ.ტყებუჩავა.
264 ## - წარმოების, გამოცემის, დისტრიბუციის და სხვა ცნობები
გამოცემის, წარმოების, დისტრიბუციის... ადგილი თბილისი :
გამოცემის, წარმოების, დისტრიბუციის... სახელწოდება უნივერსალი,
გამოცემის, წარმოების, დისტრიბუციის... თარიღი 2011.
300 ## - ფიზიკური აღწერა
Extent 246 გვ.;
Other physical details ილ.;
Dimensions 20 სმ.
504 ## - BIBLIOGRAPHY, ETC. NOTE
Bibliography, etc ბიბლ.გვ.242
653 ## - INDEX TERM--UNCONTROLLED
Uncontrolled term მედია, ჟურნალისტიკა
653 ## - INDEX TERM--UNCONTROLLED
Uncontrolled term ფოტოგრაფია
700 ## - ADDED ENTRY--PERSONAL NAME
Personal name ტყებუჩავა, დ.
Relator term რედაქტორი
9 (RLIN) 19935
942 ## - ADDED ENTRY ELEMENTS (KOHA)
Koha item type წიგნი
Source of classification or shelving scheme
ეგზემპლარები
ჩამოწერის სტატუსი დაკარგული ეგზემპლარის სტატუსი კლასიფიკაციის წყარო ან თაროზე გაწყობის სქემა დაზიანების სტატუსი არ გაიცემა მუდმივი მდებარეობა (დაცვის ადგილი) ამჟამინდელი ადგილსამყოფელი თაროზე განთავსების ადგილი შეძენის თარიღი ღირებულება, შესყიდვის ნორმალური ფასი სრული შენახვის შიფრი შტრიხკოდი ბოლო ოპერაციის თარიღი ეგზემპლარის მიმდევრობითი ნომერი (კეტერი?) ფასის ძალაში შესვლის თარიღი ეგზემპლარის სახეობა საჯარო შენიშვნა
          ბათუმის შოთა რუსთაველის სახელმწიფო უნივერსიტეტის მთავარი ბიბლიოთეკა ბათუმის შოთა რუსთაველის სახელმწიფო უნივერსიტეტის მთავარი ბიბლიოთეკა წიგნსაცავი 2018-12-17 40.00 070(042.4):77 ც-74 47163 2018-12-17 47163 2018-12-17 წიგნი 40 ლ.
          ბათუმის შოთა რუსთაველის სახელმწიფო უნივერსიტეტის მთავარი ბიბლიოთეკა ბათუმის შოთა რუსთაველის სახელმწიფო უნივერსიტეტის მთავარი ბიბლიოთეკა წიგნსაცავი 2018-12-17 40.00 070(042.4):77 ც-74 47164 2018-12-17 47164 2018-12-17 წიგნი 40 ლ.
          ბათუმის შოთა რუსთაველის სახელმწიფო უნივერსიტეტის მთავარი ბიბლიოთეკა ბათუმის შოთა რუსთაველის სახელმწიფო უნივერსიტეტის მთავარი ბიბლიოთეკა წიგნსაცავი 2018-12-17 40.00 070(042.4):77 ც-74 47165 2018-12-17 47165 2018-12-17 წიგნი 40 ლ.
          ბათუმის შოთა რუსთაველის სახელმწიფო უნივერსიტეტის მთავარი ბიბლიოთეკა ბათუმის შოთა რუსთაველის სახელმწიფო უნივერსიტეტის მთავარი ბიბლიოთეკა წიგნსაცავი 2018-12-17 40.00 070(042.4):77 ც-74 47166 2018-12-17 47166 2018-12-17 წიგნი 40 ლ.
          ბათუმის შოთა რუსთაველის სახელმწიფო უნივერსიტეტის მთავარი ბიბლიოთეკა ბათუმის შოთა რუსთაველის სახელმწიფო უნივერსიტეტის მთავარი ბიბლიოთეკა წიგნის კალათა 2018-12-17 40.00 070(042.4):77 ც-74 47167 2018-12-17 47167 2018-12-17 წიგნი 40 ლ.